THE RELEASE AND MOVEMENT OF INORGANIC FORMS OF NITROGEN IN THE SOIL PROFILE OF ORTHIC LUVISOL GROWING OF CORN

Bibliographic Details
Main Author: Bízik, Ján, 1930-2007 (Author)
Format: Article
Language:English

MARC

LEADER 00000naa a2200000uu 4500
001 vtls011084981
003 SK-MaSNL
005 20260302105104.0
008 210910|1996 xo |||||||||||||||||eng|
015 |a SNBRA 
035 |a (urnnbn)urn:nbn:sk:snk:ar-a0clnj 
035 |a (uuid)db928fdf-aeb7-4b2c-83fa-99e34ccafbdc 
035 |a urn:nbn:sk:snk-aavrjk 
040 |a SNKBUCL  |b slo  |c SNKBUCL  |e AACR2 
041 0 |a eng 
044 |a xo  |c SK 
100 1 |a Bízik, Ján,  |d 1930-2007  |4 aut  |9 156949 
245 1 0 |a THE RELEASE AND MOVEMENT OF INORGANIC FORMS OF NITROGEN IN THE SOIL PROFILE OF ORTHIC LUVISOL GROWING OF CORN  |c Ján Bízik 
773 0 |t Zborník z medzinárodnej vedeckej konferencie "Agronomická fakulta a vývoj poľnohospodárstva na Slovensku"  |d Nitra : Vysoká škola poľnohospodárska, 1996  |g S. 167-170  |z 8071372765 
958 |a OND 
958 |a article12 
958 |a chapter 
999 |c 1237352  |d 1239282